000 00651nam a22002177a 4500
003 UA-OsUOA
001 83719
007 ta
008 20120424b un ||||| |||| 00| 0 ukr d
100 _aСадовська І.Б.
090 _a330(477)
_bС14
942 _cSA
040 _aUA-OsUOA
_bukr
_cUA-OsUOA
_dUA-OsUOA
245 _aОбліково-управлянський аспект класифікації трансакційних витрат
300 _aС.85-93
955 _a0
041 _aukr
080 _a330(477)
773 0 _w83711
_tЕкономіка АПК
_dК.
_d2012
_g4
650 7 _a330 Економіка взагалі
_2UDC
999 _c370032
_d370032